[Event "Politiken Cup 2011"]
[Site "Helsingor"]
[Date "2011.07.31"]
[Round "2.116"]
[White "Rydstrom, Tom"]
[Black "Jacobsen, Caroline Beer"]
[Result "1-0"]
[WhiteElo "1905"]
[BlackElo "1586"]
[PlyCount "120"]
[EventDate "2011.??.??"]
[BlackTeam "Stavanger"]

1. e4 e5 2. Nf3 Nc6 3. Bc4 Nf6 4. d3 Bc5 5. Nc3 d6 6. Be3 Bb6 7. h3 Be6 8. Bb5
Bd7 9. O-O O-O 10. Bg5 Be6 11. Bxc6 bxc6 12. d4 exd4 13. Nxd4 Bd7 14. f4 Re8
15. Kh1 h6 16. Bh4 c5 17. Nf3 Bc6 18. Re1 Ba5 19. e5 Bxc3 20. bxc3 dxe5 21.
Nxe5 Bb7 22. Qe2 Qe7 23. Qf2 Qd6 24. Rad1 Qb6 25. Rb1 Ne4 26. Qf1 Ba6 27. Rxb6
Bxf1 28. Rbb1 Nd2 29. Rbd1 Rad8 30. Bxd8 Rxd8 31. Rxf1 Rd6 32. Nf3 Nxf1 33.
Rxf1 Ra6 34. Ra1 Rf6 35. Re1 Rxf4 36. Re7 Rc4 37. Rxc7 Rxc3 38. Rxa7 Rxc2 39.
Rc7 Rxa2 40. Rxc5 Re2 41. Re5 Rc2 42. Kh2 g6 43. Kg3 Kg7 44. h4 h5 45. Re7 Rc6
46. Rxf7+ Kxf7 47. Ne5+ Kf6 48. Nxc6 g5 49. hxg5+ Kxg5 50. Nd4 h4+ 51. Kh3 Kh5
52. Nf3 Kg6 53. Kxh4 Kf6 54. g4 Kg6 55. g5 Kg7 56. Kh5 Kh7 57. g6+ Kg7 58. Kg5
Kg8 59. Kf6 Kf8 60. g7+ Kg8 1-0

[Event "Politiken Cup 2011"]
[Site "Helsingor"]
[Date "2011.07.31"]
[Round "2.117"]
[White "Meldal, Peter"]
[Black "Nielsen, Preben"]
[Result "1/2-1/2"]
[WhiteElo "1526"]
[BlackElo "1904"]
[PlyCount "43"]
[EventDate "2011.??.??"]
[WhiteTeam "Taastrup"]
[BlackTeam "Helsingør"]

1. e4 c5 2. f4 Nc6 3. Nf3 g6 4. Bc4 Bg7 5. O-O e6 6. c3 Nge7 7. d4 d5 8. exd5
exd5 9. Bb5 cxd4 10. cxd4 O-O 11. Be3 Qb6 12. Nc3 a6 13. Bxc6 bxc6 14. Qd2 Rb8
15. b3 Qb4 16. Na4 Qxd2 17. Bxd2 Nf5 18. Bc3 Nd6 19. Ne5 Bxe5 20. fxe5 Ne4 21.
Bb2 f6 22. exf6 1/2-1/2

[Event "Politiken Cup 2011"]
[Site "Helsingor"]
[Date "2011.07.31"]
[Round "2.118"]
[White "Rauramaa, Julius"]
[Black "Overas, Vegard"]
[Result "1-0"]
[WhiteElo "1904"]
[BlackElo "1561"]
[PlyCount "79"]
[EventDate "2011.??.??"]
[WhiteTeam "Matinkylan Shakkikenho"]

1. e4 c5 2. Nf3 d6 3. d4 cxd4 4. Nxd4 g6 5. Nc3 Bg7 6. Be3 Nf6 7. f3 O-O 8. Qd2
Nc6 9. Bc4 a6 10. g4 Nxd4 11. Bxd4 b5 12. Bb3 Bd7 13. h4 a5 14. a4 bxa4 15.
Nxa4 Rb8 16. h5 e6 17. hxg6 fxg6 18. Qh2 Qe7 19. e5 dxe5 20. Bc5 Qf7 21. Bxf8
Rxf8 22. O-O-O h6 23. Nc5 Bc8 24. Rd6 Nd5 25. Rd1 Nf4 26. Ne4 Qc7 27. Qd2 a4
28. Bxa4 Nd5 29. Bb3 Qa7 30. Kb1 Kh7 31. Bxd5 exd5 32. Qxd5 Qe3 33. g5 Qf4 34.
Rd8 Rxd8 35. Qxd8 Qxf3 36. Nf6+ Bxf6 37. gxf6 g5 38. Qe7+ Kg6 39. Qe8+ Kh7 40.
Qf7+ 1-0

[Event "Politiken Cup 2011"]
[Site "Helsingor"]
[Date "2011.07.31"]
[Round "2.120"]
[White "Nielsen, Kai Gylling"]
[Black "Hansen, Erik Friberg"]
[Result "1-0"]
[WhiteElo "1890"]
[BlackElo "1539"]
[PlyCount "63"]
[EventDate "2011.??.??"]
[WhiteTeam "Roskilde"]
[BlackTeam "Ishøj"]

1. b3 d5 2. Bb2 e6 3. Nf3 Nf6 4. e3 Be7 5. Nc3 Nbd7 6. Ne2 b6 7. Ng3 Bb7 8. Rc1
Rc8 9. c4 c5 10. d4 O-O 11. Bd3 Bd6 12. O-O Re8 13. Ne5 Ne4 14. Qf3 Bxe5 15.
Nxe4 dxe4 16. Bxe4 Bxe4 17. Qxe4 Bf6 18. f4 cxd4 19. exd4 Qe7 20. g4 Qd6 21. g5
Be7 22. Rf3 f5 23. Qe1 g6 24. Qc3 Bf8 25. d5 Re7 26. Qh8+ Kf7 27. Qxh7+ Ke8 28.
Qxg6+ Kd8 29. Bf6 Nxf6 30. gxf6 Rec7 31. Re1 exd5 32. Qe8# 1-0

[Event "Politiken Cup 2011"]
[Site "Helsingor"]
[Date "2011.07.31"]
[Round "2.121"]
[White "Svane, Troels"]
[Black "Rasmussen, Morten"]
[Result "0-1"]
[WhiteElo "1500"]
[BlackElo "1889"]
[PlyCount "78"]
[EventDate "2011.??.??"]
[WhiteTeam "Lubecker Schachverein"]
[BlackTeam "Enkeltmedlem"]

1. Nf3 d5 2. g3 c5 3. d3 g6 4. Bg2 Nc6 5. O-O Bg7 6. Nbd2 Nf6 7. e4 e5 8. exd5
Nxd5 9. Nc4 O-O 10. Ng5 f5 11. Nf3 h6 12. Rb1 Re8 13. Re1 Rb8 14. Re2 b5 15.
Ne3 Nc7 16. Nh4 Nd4 17. Re1 f4 18. Nf1 g5 19. Nf3 Nf5 20. N3d2 Ne6 21. Ne4 Qb6
22. Kh1 Bb7 23. Nfd2 Rbd8 24. Nb3 c4 25. Qg4 cxb3 26. Qxf5 bxa2 27. Ra1 Nd4 28.
Nf6+ Qxf6 29. Qxf6 Bxg2+ 30. Kxg2 Bxf6 31. Rxa2 Nxc2 32. Rd1 Re7 33. Ra6 Kf7
34. Rc6 Nb4 35. Rc5 Rxd3 36. Rd2 Red7 37. Rxb5 Rxd2 38. Bxd2 Rxd2 39. Rxb4 Rd7
0-1

[Event "Politiken Cup 2011"]
[Site "Helsingor"]
[Date "2011.07.31"]
[Round "2.122"]
[White "Andersen, Dag"]
[Black "Kyrkjebo, Marte B"]
[Result "1-0"]
[WhiteElo "1885"]
[BlackElo "1522"]
[PlyCount "61"]
[EventDate "2011.??.??"]
[WhiteTeam "Sarpsborg Sjakklubb"]
[BlackTeam "Stavenger"]

1. d4 d5 2. c4 c6 3. Nc3 Nf6 4. Nf3 a6 5. e3 b5 6. c5 Nbd7 7. Be2 e5 8. dxe5
Ng4 9. e6 fxe6 10. Nd4 Nge5 11. Nxe6 Qa5 12. b4 Qxb4 13. Bd2 Rb8 14. Nc7+ Kf7
15. N3xd5 Qxc5 16. Nf4 Nf6 17. Qb3+ Nd5 18. e4 Qd6 19. exd5 Ke7 20. Nce6 Ke8
21. O-O cxd5 22. Nxf8 Qxf8 23. Qxd5 Qe7 24. Bc3 Ng6 25. Bh5 Bb7 26. Qb3 Kd8 27.
Rfd1+ Kc8 28. Bg4+ Kc7 29. Ba5+ Kc6 30. Rac1+ Qc5 31. Qd5# 1-0

[Event "Politiken Cup 2011"]
[Site "Helsingor"]
[Date "2011.07.31"]
[Round "2.123"]
[White "Edvardsson, Hannu K"]
[Black "Storch, Dominik"]
[Result "0-1"]
[WhiteElo "1482"]
[BlackElo "1883"]
[PlyCount "58"]
[EventDate "2011.??.??"]
[BlackTeam "Sabt Franfurter SV 1860"]

1. e4 d5 2. exd5 Nf6 3. Nf3 Bg4 4. Be2 Qxd5 5. Nc3 Qh5 6. O-O Nc6 7. d4 O-O-O
8. Ng5 Rxd4 9. Qe1 h6 10. Nf3 Rd8 11. Be3 e5 12. Rd1 Bd6 13. Nb5 e4 14. Nxd6+
cxd6 15. Nd4 Nxd4 16. Bxd4 Bxe2 17. Qc3+ Kb8 18. Qa3 b6 19. Rde1 Bxf1 20. Rxf1
Rhe8 21. Qb3 Qd5 22. Qxd5 Nxd5 23. Bxg7 h5 24. g3 Nb4 25. c3 Nd3 26. b4 f5 27.
h4 Rc8 28. a4 f4 29. gxf4 Rg8 0-1

[Event "Politiken Cup 2011"]
[Site "Helsingor"]
[Date "2011.07.31"]
[Round "2.125"]
[White "Moller, Arne"]
[Black "Overas"]
[Result "1/2-1/2"]
[WhiteElo "1881"]
[BlackElo "1503"]
[PlyCount "78"]
[EventDate "2011.??.??"]
[WhiteTeam "Amager"]

1. e4 d5 2. exd5 Qxd5 3. Nc3 Qd6 4. d4 Bd7 5. Nf3 Nf6 6. h3 a6 7. Be3 Nc6 8. a3
e6 9. Bd3 e5 10. dxe5 Nxe5 11. Nxe5 Qxe5 12. Qd2 O-O-O 13. O-O-O Nd5 14. Nxd5
Qxd5 15. f3 Be7 16. c4 Qe5 17. Bf4 Qf6 18. Rhe1 Bf5 19. Be5 Qg6 20. Qa5 Rd7 21.
Bxf5 Qxf5 22. Rxd7 Qxd7 23. Rd1 Qc6 24. Qd5 Qxd5 25. Rxd5 f6 26. Bg3 Re8 27.
Kd2 c6 28. Rd3 Bc5 29. b4 Bg1 30. a4 h6 31. b5 Bc5 32. bxa6 Bb4+ 33. Kc2 bxa6
34. Kd1 a5 35. Bf2 Re7 36. Bg3 Bc5 37. Be1 Bb4 38. Bg3 Bc5 39. Be1 Bb4 1/2-1/2

[Event "Politiken Cup 2011"]
[Site "Helsingor"]
[Date "2011.07.31"]
[Round "2.126"]
[White "Sjol, Henrik"]
[Black "Elzubeir, Omar"]
[Result "1-0"]
[WhiteElo "1880"]
[BlackElo "1497"]
[PlyCount "67"]
[EventDate "2011.??.??"]
[WhiteTeam "Akademisk"]
[BlackTeam "Frederiksværk"]

1. d4 Nf6 2. Nf3 g6 3. g3 d5 4. Bg2 Bg7 5. O-O O-O 6. c4 c6 7. Nc3 dxc4 8. Ne5
Nd5 9. Nxc4 Bg4 10. h3 Be6 11. Ne3 Qd7 12. Nexd5 cxd5 13. Kh2 Nc6 14. e3 f5 15.
Bd2 Rad8 16. Rc1 Bf7 17. Ne2 e5 18. dxe5 Bxe5 19. Bc3 d4 20. Bxc6 bxc6 21. Bxd4
Bxd4 22. Nxd4 Bd5 23. Qc2 Rc8 24. Rfd1 Qb7 25. Nb3 Rb8 26. Qc3 Bxb3 27. axb3
Qxb3 28. Qxb3+ Rxb3 29. Rxc6 Rxb2 30. Kg1 Rfb8 31. Rd7 Ra2 32. Rcc7 Ra1+ 33.
Kg2 Rab1 34. Rg7+ 1-0

[Event "Politiken Cup 2011"]
[Site "Helsingor"]
[Date "2011.07.31"]
[Round "2.127"]
[White "Abildgaard, Kim"]
[Black "Frederiksen, Jens"]
[Result "1/2-1/2"]
[WhiteElo "1446"]
[BlackElo "1876"]
[PlyCount "81"]
[EventDate "2011.??.??"]
[WhiteTeam "Dragsholm"]
[BlackTeam "Caissa Woluwè"]

1. e4 e5 2. Nf3 Nc6 3. Bc4 Nf6 4. Nc3 Be7 5. d3 d6 6. h3 a6 7. a3 b5 8. Ba2 O-O
9. O-O Nd4 10. Be3 c5 11. b4 Qc7 12. Nd5 Nxd5 13. Bxd5 Ra7 14. c3 Nxf3+ 15.
Qxf3 Bb7 16. Bxb7 Rxb7 17. Rfc1 c4 18. d4 Qc8 19. g4 Qe6 20. d5 Qg6 21. Qf5 h6
22. Qxg6 fxg6 23. Rf1 Bf6 24. Ra2 Rbf7 25. Kg2 Bh4 26. Raa1 Rf3 27. Rac1 Bg5
28. Bxg5 hxg5 29. Rc2 R8f6 30. Re1 R6f4 31. Re3 Rxe3 32. fxe3 Rf7 33. Rf2 Ra7
34. Rc2 a5 35. Kg3 axb4 36. axb4 Ra1 37. Kg2 Kf7 38. Kf2 Ke7 39. Kg2 Ra3 40.
Kf2 Ra1 41. Kg2 1/2-1/2

[Event "Politiken Cup 2011"]
[Site "Helsingor"]
[Date "2011.07.31"]
[Round "2.128"]
[White "Nordin, Eric"]
[Black "Hojgard, Brandur"]
[Result "1-0"]
[WhiteElo "1876"]
[BlackElo "1480"]
[PlyCount "83"]
[EventDate "2011.??.??"]
[WhiteTeam "Helsingborgs SS"]
[BlackTeam "TT Tofir"]

1. e4 c5 2. Nc3 Nc6 3. f4 a6 4. Nf3 d6 5. a4 Bd7 6. Bc4 e6 7. O-O Be7 8. Qe1
Nf6 9. f5 h6 10. d3 O-O 11. Qh4 Nh7 12. Qg4 Nf6 13. Qg3 Kh7 14. fxe6 fxe6 15.
Qh3 Ng8 16. Bxe6 Bxe6 17. Qxe6 Rf6 18. Qh3 Rg6 19. Nd5 Nd4 20. Nxd4 cxd4 21.
Qf5 Qf8 22. Nxe7 Qxe7 23. Bd2 Qc7 24. c3 Ne7 25. Qf7 dxc3 26. Bxc3 Qc5+ 27. Kh1
Qg5 28. Rf2 Rb8 29. Raf1 Nc6 30. Qf4 Qe7 31. Qf5 Ne5 32. Bxe5 dxe5 33. Rf3 Rd8
34. Rg3 Rdd6 35. h3 Rdf6 36. Rxg6 Rxf5 37. exf5 Qb4 38. Rc1 Qf4 39. Rc7 Qxf5
40. Rcxg7+ Kh8 41. Rg8+ Kh7 42. R6g7# 1-0

[Event "Politiken Cup 2011"]
[Site "Helsingor"]
[Date "2011.07.31"]
[Round "2.129"]
[White "Rasmussen, Arne"]
[Black "Randlov, Carsten"]
[Result "0-1"]
[WhiteElo "1409"]
[BlackElo "1872"]
[PlyCount "117"]
[EventDate "2011.??.??"]
[WhiteTeam "Ishøj"]
[BlackTeam "AS04"]

1. d4 d5 2. Nf3 Nf6 3. e3 Bg4 4. Nbd2 e6 5. Be2 c5 6. c3 Nc6 7. a3 Bd6 8. O-O
Rc8 9. b3 cxd4 10. cxd4 Bb8 11. Bb2 O-O 12. h3 Bh5 13. Ne5 Bg6 14. Ndf3 Qd6 15.
b4 Ne4 16. b5 Ne7 17. a4 f6 18. Nxg6 hxg6 19. Ba3 Qd7 20. Bd3 Rc3 21. Bb4 Rcc8
22. Qb3 Bd6 23. Bxe4 Bxb4 24. Qxb4 dxe4 25. Nd2 Nd5 26. Qb2 f5 27. Nb3 b6 28.
Rfc1 Nb4 29. Rc3 Nd3 30. Qd2 Rxc3 31. Qxc3 Rc8 32. Qd2 Qc7 33. Qa2 Qd7 34. Nd2
Rc3 35. Nc4 Qd5 36. Ne5 Nxe5 37. Qxd5 exd5 38. dxe5 Kf7 39. a5 Rb3 40. axb6
axb6 41. Ra7+ Ke6 42. Rxg7 Rb1+ 43. Kh2 Kxe5 44. Rxg6 Rxb5 45. h4 d4 46. exd4+
Kxd4 47. h5 f4 48. h6 Rh5+ 49. Kg1 b5 50. Rc6 b4 51. g4 fxg3 52. fxg3 b3 53.
Kg2 b2 54. Rb6 Kc3 55. g4 Rxh6 56. Rxh6 b1=Q 57. Rc6+ Kd4 58. Rd6+ Ke5 59. Rd8
0-1

[Event "Politiken Cup 2011"]
[Site "Helsingor"]
[Date "2011.07.31"]
[Round "2.130"]
[White "Astrom, Lars"]
[Black "Lindgaard, Tobias"]
[Result "1-0"]
[WhiteElo "1871"]
[BlackElo "1434"]
[PlyCount "59"]
[EventDate "2011.??.??"]
[WhiteTeam "Limhamn"]
[BlackTeam "Ribe"]

1. e4 d5 2. exd5 Qxd5 3. Nc3 Qa5 4. Nf3 Nf6 5. d4 c6 6. Be2 Bf5 7. O-O e6 8.
Re1 Bb4 9. Bd2 Nbd7 10. a3 Bxc3 11. Bxc3 Qb6 12. b3 Rd8 13. Bb2 O-O 14. Nh4 Bg6
15. Nxg6 hxg6 16. Bf3 e5 17. d5 e4 18. Bxe4 Nxe4 19. Rxe4 Nf6 20. Bxf6 Rxd5 21.
Qf3 gxf6 22. Qxf6 Rf5 23. Qd4 Qxd4 24. Rxd4 a6 25. Re1 Rc8 26. Rd7 Rb5 27. Ree7
Rf8 28. b4 c5 29. c4 Rb6 30. Rxb7 1-0

[Event "Politiken Cup 2011"]
[Site "Helsingor"]
[Date "2011.07.31"]
[Round "2.131"]
[White "Hvid, Hans Henrik"]
[Black "Nielsen, Steen G"]
[Result "0-1"]
[WhiteElo "1319"]
[BlackElo "1870"]
[PlyCount "98"]
[EventDate "2011.??.??"]
[WhiteTeam "Hillerød"]
[BlackTeam "Odysseus"]

1. f4 d5 2. Nf3 Nf6 3. g3 c5 4. Bg2 Nc6 5. O-O e6 6. b3 Be7 7. Bb2 O-O 8. d3 d4
9. c3 Nd5 10. Qd2 Ne3 11. Rf2 Nxg2 12. Rxg2 Bf6 13. Na3 b6 14. Rc1 Bb7 15. cxd4
Nxd4 16. Rf2 Nxf3+ 17. exf3 Bxb2 18. Qxb2 Qxd3 19. Rc3 Qd1+ 20. Kg2 Rfd8 21.
Nc4 Qd7 22. Ne5 Qe7 23. Re3 Rd1 24. Qc2 Rad8 25. Rfe2 Qd6 26. f5 Rd2 27. Qb1
Rxe2+ 28. Rxe2 f6 29. Nc4 Qd5 30. Re3 b5 31. fxe6 bxc4 32. Qc2 Qd2+ 33. Re2
Qxc2 34. Rxc2 cxb3 35. axb3 Bd5 36. Rxc5 Bxe6 37. b4 Kf8 38. Rc2 Rd7 39. Rc8+
Ke7 40. Rc2 Rb7 41. Rb2 a5 42. b5 a4 43. Rb1 a3 44. b6 a2 45. Rc1 Rxb6 46. Rc7+
Kd6 47. Ra7 Rb2+ 48. Kf1 Rb1+ 49. Ke2 a1=Q 0-1

[Event "Politiken Cup 2011"]
[Site "Helsingor"]
[Date "2011.07.31"]
[Round "2.133"]
[White "Ostby, Martin Bergsjo"]
[Black "Pedersen, Bent O"]
[Result "0-1"]
[WhiteElo "1288"]
[BlackElo "1860"]
[PlyCount "54"]
[EventDate "2011.??.??"]
[WhiteTeam "Oslo Schackselskab"]
[BlackTeam "Hvidovre"]

1. e4 c5 2. Nf3 Nf6 3. Nc3 Nc6 4. d4 d5 5. dxc5 d4 6. Ne2 e5 7. Ng3 Bxc5 8. Bb5
Qa5+ 9. Nd2 Qxb5 10. a4 Qa6 11. Nb3 Bb4+ 12. Bd2 Bxd2+ 13. Qxd2 Qb6 14. O-O O-O
15. Qg5 h6 16. Qd2 Be6 17. f4 d3+ 18. Kh1 dxc2 19. fxe5 Ng4 20. Nc1 Rad8 21.
Qe2 Nd4 22. Qe1 Nxe5 23. b4 Qd6 24. Nf5 Bxf5 25. exf5 Rfe8 26. Qg3 Nxf5 27. Qb3
Nd4 0-1

[Event "Politiken Cup 2011"]
[Site "Helsingor"]
[Date "2011.07.31"]
[Round "2.134"]
[White "Holm, Henrik"]
[Black "Brobakken, Sindre"]
[Result "1-0"]
[WhiteElo "1853"]
[BlackElo "1317"]
[PlyCount "97"]
[EventDate "2011.??.??"]
[WhiteTeam "Hillerød"]
[BlackTeam "Hamar"]

1. e4 d5 2. exd5 Qxd5 3. Nc3 Qa5 4. d4 c6 5. Bd2 Qc7 6. Nf3 Bf5 7. Bc4 e6 8.
O-O Nf6 9. Re1 Bd6 10. h3 Nbd7 11. a3 O-O 12. Bg5 h6 13. Be3 Nb6 14. Bd3 Bxd3
15. Qxd3 Nbd5 16. Ne4 Nxe4 17. Qxe4 Nxe3 18. Rxe3 c5 19. dxc5 Bxc5 20. Re2 Rfd8
21. b4 Be7 22. c4 Bf6 23. Rc1 Rd7 24. g3 Rad8 25. c5 Rd1+ 26. Rxd1 Rxd1+ 27.
Re1 Rxe1+ 28. Nxe1 Qc6 29. Qxc6 bxc6 30. Kf1 Kf8 31. Ke2 Ke7 32. Nc2 e5 33. Kd3
Ke6 34. a4 a6 35. Ne3 Be7 36. Ke4 g6 37. Kd3 f5 38. Nc4 g5 39. g4 f4 40. Ke4
Bf6 41. f3 Bg7 42. Nd6 Bf8 43. Nc4 Bg7 44. Na5 Kd7 45. Nb7 Bf6 46. Nd6 Ke6 47.
Nf5 Be7 48. Nxe7 Kxe7 49. Kxe5 1-0

[Event "Politiken Cup 2011"]
[Site "Helsingor"]
[Date "2011.07.31"]
[Round "2.135"]
[White "Hoel, Jorgen"]
[Black "Jorgensen, Jens A. L"]
[Result "1-0"]
[WhiteElo "1851"]
[BlackElo "1264"]
[PlyCount "69"]
[EventDate "2011.??.??"]
[WhiteTeam "Bergen"]
[BlackTeam "Viby"]

1. d4 e6 2. Nf3 b6 3. e3 Bb7 4. Bd3 d5 5. O-O Nd7 6. b3 g6 7. Bb2 Bg7 8. Nbd2
Rc8 9. c4 Ngf6 10. Re1 O-O 11. e4 dxe4 12. Nxe4 Nxe4 13. Bxe4 Bxe4 14. Rxe4 c5
15. Qc2 Re8 16. Rd1 Qe7 17. d5 e5 18. Re2 f6 19. Rde1 Qd6 20. h4 f5 21. h5 Nf6
22. Bxe5 Rxe5 23. Nxe5 Ne4 24. Nc6 Rc7 25. f3 Nf6 26. Re6 Qg3 27. hxg6 hxg6 28.
Qf2 Qg5 29. f4 Qh5 30. Qg3 Ng4 31. Ne5 Bxe5 32. fxe5 g5 33. Qh3 Qf7 34. Rf1 Rc8
35. Rf6 1-0

[Event "Politiken Cup 2011"]
[Site "Helsingor"]
[Date "2011.07.31"]
[Round "2.136"]
[White "Thingstad, Tormod"]
[Black "Larsen, Arne Walther"]
[Result "0-1"]
[WhiteElo "1144"]
[BlackElo "1851"]
[PlyCount "120"]
[EventDate "2011.??.??"]
[WhiteTeam "Hønefoss"]
[BlackTeam "Hvidovre"]

1. c4 Nf6 2. Nc3 g6 3. g3 Bg7 4. Bg2 d6 5. Nf3 O-O 6. O-O Nc6 7. a3 e5 8. b4
Rb8 9. Bb2 Be6 10. d3 h6 11. Qc2 Nh5 12. Rad1 f5 13. e3 g5 14. Qe2 Nf6 15. h3
Qd7 16. Nd2 h5 17. f3 f4 18. g4 d5 19. cxd5 Bxd5 20. Nxd5 Nxd5 21. Rfe1 Nxe3
22. Rc1 hxg4 23. hxg4 Nd4 24. Bxd4 Qxd4 25. Kh2 c6 26. Nc4 Rbd8 27. Nxe3 fxe3
28. Qxe3 Qf4+ 29. Qxf4 exf4 30. Bf1 Kf7 31. Rc5 Bf6 32. Rf5 Rd6 33. Kg2 Kg7 34.
Be2 Re6 35. Rc5 Rfe8 36. Rc2 Bc3 37. Rxc3 Rxe2+ 38. Rxe2 Rxe2+ 39. Kf1 Re3 40.
Kf2 Kf6 41. Rb3 Ke6 42. Rc3 Kd6 43. a4 b6 44. a5 b5 45. Rc5 Re5 46. Rc3 c5 47.
bxc5+ Rxc5 48. Rb3 a6 49. Ke2 Rc2+ 50. Ke1 Kd5 51. Rb4 Ra2 52. Re4 Rxa5 53. Kd2
Ra2+ 54. Ke1 a5 55. d4 b4 56. Re5+ Kxd4 57. Rxg5 b3 58. Rf5 Ke3 59. Re5+ Kxf3
60. g5 b2 0-1

[Event "Politiken Cup 2011"]
[Site "Helsingor"]
[Date "2011.07.31"]
[Round "2.137"]
[White "Erikstad, Olav"]
[Black "Merkesvik, Frode"]
[Result "1-0"]
[WhiteElo "1844"]
[BlackElo "1112"]
[PlyCount "101"]
[EventDate "2011.??.??"]
[WhiteTeam "Akademisk Sjakklubb Oslo"]
[BlackTeam "Bergen"]

1. e4 d6 2. c3 Nf6 3. Nf3 Nbd7 4. Qa4 c6 5. d3 Qb6 6. Qb3 e5 7. Be3 Qxb3 8.
axb3 a6 9. Na3 Be7 10. Nc4 O-O 11. Be2 c5 12. h3 Rd8 13. Nh4 g6 14. Nf3 Rf8 15.
Bg5 Kg7 16. Nh2 h6 17. Bh4 g5 18. Bg3 Ne8 19. Bg4 Nc7 20. Bxd7 Bxd7 21. Nxe5
Be6 22. Nc4 Bxc4 23. bxc4 f6 24. d4 Ne6 25. O-O-O Rfd8 26. e5 d5 27. cxd5 Rxd5
28. exf6+ Bxf6 29. Rhe1 Kf7 30. dxc5 Rad8 31. Bd6 Rxd1+ 32. Rxd1 Be7 33. Ng4 h5
34. Ne5+ Ke8 35. Bxe7 Rxd1+ 36. Kxd1 Kxe7 37. b4 Nf4 38. c6 bxc6 39. Nxc6+ Kd6
40. Nb8 Nxg2 41. Nxa6 Nf4 42. b5 Nxh3 43. Ke2 Nf4+ 44. Kf3 h4 45. c4 h3 46. Kg3
g4 47. c5+ Kd7 48. c6+ Kc8 49. b6 Nd5 50. b7+ Kd8 51. b8=Q+ 1-0

[Event "Politiken Cup 2011"]
[Site "Helsingor"]
[Date "2011.07.31"]
[Round "2.138"]
[White "Molvig, Julius"]
[Black "Sønderskov, Lissi"]
[Result "1-0"]
[WhiteElo "1842"]
[BlackElo "1099"]
[PlyCount "77"]
[EventDate "2011.??.??"]
[WhiteTeam "Roskilde"]
[BlackTeam "Allerød"]

1. d4 d5 2. c4 dxc4 3. Nf3 Nf6 4. e3 e6 5. Bxc4 c5 6. Nc3 Nbd7 7. O-O a6 8. a4
b6 9. d5 e5 10. e4 h6 11. b3 Bd6 12. Nh4 Nf8 13. f4 N8h7 14. Qf3 O-O 15. Be2
Bg4 16. Qf2 Bd7 17. Qg3 Re8 18. f5 h5 19. Nf3 Ng4 20. h3 Nh6 21. Bxh6 Qf6 22.
Bg5 Nxg5 23. Qxg5 Qxg5 24. Nxg5 h4 25. Bh5 Rec8 26. Bxf7+ Kf8 27. Be6 Ke7 28.
Bxd7 Kxd7 29. f6 gxf6 30. Rxf6 Re8 31. Raf1 Re7 32. Rh6 Rae8 33. Rxh4 Kc7 34.
Rf6 Rd7 35. Rhh6 Red8 36. Ne6+ Kc8 37. Nxd8 Rxd8 38. Rxd6 Rxd6 39. Rxd6 1-0

[Event "Politiken Cup 2011"]
[Site "Helsingor"]
[Date "2011.07.31"]
[Round "2.139"]
[White "Thybo, Jan"]
[Black "Hjornevik, Asbjorn"]
[Result "0-1"]
[WhiteElo "1042"]
[BlackElo "1835"]
[PlyCount "30"]
[EventDate "2011.??.??"]
[WhiteTeam "Morsø"]
[BlackTeam "Sandness"]

1. e4 e6 2. d4 d5 3. e5 c5 4. Nf3 Nc6 5. c4 Qb6 6. Nc3 cxd4 7. cxd5 dxc3 8.
dxc6 cxb2 9. cxb7 Bxb7 10. Bxb2 Bb4+ 11. Nd2 O-O-O 12. Rc1+ Kb8 13. Bc3 Bc5 14.
Rb1 Bxf2+ 15. Ke2 Qe3# 0-1

[Event "Politiken Cup 2011"]
[Site "Helsingor"]
[Date "2011.07.31"]
[Round "2.140"]
[White "Krzesinski, Paul"]
[Black "Jensen, Torben Brieghel"]
[Result "1-0"]
[WhiteElo "1832"]
[BlackElo "1098"]
[PlyCount "61"]
[EventDate "2011.??.??"]
[WhiteTeam "Sabt Frankfurter TV 1860"]
[BlackTeam "Hillerød"]

1. e4 e6 2. Nc3 d5 3. d4 c5 4. exd5 exd5 5. Nf3 c4 6. g3 Bb4 7. Qe2+ Ne7 8. Bg2
O-O 9. O-O Nbc6 10. a3 Bd6 11. Nd1 Nf5 12. c3 Re8 13. Qc2 Bc7 14. Ng5 g6 15.
Nh3 Be6 16. Nf4 Bxf4 17. Bxf4 Nd6 18. Ne3 Bf5 19. Nxf5 Nxf5 20. Rae1 Nce7 21.
Re2 Nd6 22. Rfe1 Qd7 23. Qd2 f5 24. Bxd6 Qxd6 25. Re6 Qd7 26. Qe3 Kf7 27. Qe5
Ng8 28. Bxd5 Kf8 29. Rf6+ Kg7 30. Rf7+ Kh6 31. Qg7+ 1-0

[Event "Politiken Cup 2011"]
[Site "Helsingor"]
[Date "2011.07.31"]
[Round "2.141"]
[White "Dyrhaug, Sverre S"]
[Black "Barane, Simon"]
[Result "0-1"]
[WhiteElo "1019"]
[BlackElo "1830"]
[PlyCount "57"]
[EventDate "2011.??.??"]
[WhiteTeam "Stavanger"]
[BlackTeam "Sandness"]

1. e4 c5 2. Nf3 d6 3. d4 cxd4 4. Nxd4 Nf6 5. Nc3 g6 6. Bd3 Bg7 7. O-O O-O 8.
Bg5 Nc6 9. Nxc6 bxc6 10. Qd2 Ng4 11. Kh1 Ne5 12. Be2 Be6 13. b3 f5 14. Bh6 Qa5
15. Bxg7 Kxg7 16. f4 Nd7 17. Qe3 Qc5 18. Qh3 Nf6 19. Rae1 Rae8 20. Qd3 fxe4 21.
Nxe4 Nxe4 22. Qxe4 Bf5 23. Qa4 a5 24. Bf3 d5 25. c4 Bd3 26. Be2 Bxe2 27. Rxe2
d4 28. Re5 Qxe5 29. fxe5 0-1

[Event "Politiken Cup 2011"]
[Site "Helsingor"]
[Date "2011.07.31"]
[Round "2.142"]
[White "Hald, Morten Hansen"]
[Black "Savio, Niklas"]
[Result "1/2-1/2"]
[WhiteElo "1829"]
[BlackElo "1040"]
[PlyCount "66"]
[EventDate "2011.??.??"]
[WhiteTeam "Køge"]
[BlackTeam "Caissa"]

1. e4 e6 2. Qe2 b6 3. Nc3 Bb7 4. d4 Ne7 5. Bg5 h6 6. Bh4 d5 7. O-O-O dxe4 8.
Nxe4 Bxe4 9. Qxe4 Qd5 10. Qxd5 Nxd5 11. Bg3 c6 12. Be2 Nd7 13. Ba6 Rd8 14. Bb7
Nb8 15. Bxb8 Rxb8 16. Bxc6+ Kd8 17. Nf3 f6 18. a3 Nf4 19. g3 Nh3 20. Rd2 Kc7
21. Bb5 Bd6 22. Ne1 f5 23. f4 g5 24. Nd3 gxf4 25. gxf4 Nxf4 26. Ne5 Bxe5 27.
dxe5 Rhd8 28. Rg1 Nh5 29. Rg6 Rxd2 30. Kxd2 Rd8+ 31. Ke1 Rd5 32. Bd3 Rxe5+ 33.
Kf2 Nf4 1/2-1/2

[Event "Politiken Cup 2011"]
[Site "Helsingor"]
[Date "2011.07.31"]
[Round "2.143"]
[White "Nielsen, Palle"]
[Black "Andreassen, Espen"]
[Result "1-0"]
[WhiteElo "1824"]
[BlackElo "1000"]
[PlyCount "67"]
[EventDate "2011.??.??"]
[WhiteTeam "Helsingør"]
[BlackTeam "Sevland"]

1. c4 g6 2. Nc3 Bg7 3. d4 d6 4. Nf3 Nf6 5. e4 O-O 6. h3 c5 7. d5 e6 8. Bd3 exd5
9. exd5 Re8+ 10. Be3 a6 11. O-O Bd7 12. Qd2 Qa5 13. a3 b5 14. Bf4 bxc4 15. Bxc4
Qb6 16. Rfe1 Rxe1+ 17. Rxe1 a5 18. g4 Na6 19. Kg2 Nc7 20. g5 Nfe8 21. Re7 Bb5
22. Nxb5 Nxb5 23. Bg3 Nbc7 24. b3 f6 25. Rxg7+ Kxg7 26. Qc3 Nb5 27. Bxb5 Qxb5
28. Nd2 Qb7 29. gxf6+ Kf7 30. Qf3 a4 31. Ne4 axb3 32. Ng5+ Kf8 33. f7 Nc7 34.
Bxd6+ 1-0

[Event "Politiken Cup 2011"]
[Site "Helsingor"]
[Date "2011.07.31"]
[Round "2.144"]
[White "Andreassen, Jonas"]
[Black "Schmidt, Horst Hubert"]
[Result "0-1"]
[WhiteElo "1000"]
[BlackElo "1816"]
[PlyCount "74"]
[EventDate "2011.??.??"]
[WhiteTeam "Sevland"]
[BlackTeam "Brønshøj"]

1. e4 g6 2. Nc3 Bg7 3. Nf3 d6 4. d4 Nc6 5. Bb5 Bd7 6. Bxc6 bxc6 7. Bg5 Nf6 8.
Qd2 h6 9. Bh4 Rb8 10. b3 Qc8 11. h3 g5 12. Bg3 a5 13. Qd3 Qb7 14. e5 Nd5 15.
Nxd5 cxd5 16. c4 Qb4+ 17. Nd2 dxc4 18. Qxc4 Qb7 19. Nf3 O-O 20. O-O Bb5 21. Qc2
Bxf1 22. Rxf1 Rfc8 23. Qf5 e6 24. Qd3 Qd5 25. Re1 Rd8 26. Qe4 Qxe4 27. Rxe4 Rb4
28. Re2 a4 29. a3 Rxb3 30. Re3 d5 31. Rxb3 axb3 32. Nd2 Rb8 33. f3 b2 34. Be1
b1=Q 35. Nxb1 Rxb1 36. Kf2 Bf8 37. a4 Bb4 0-1

[Event "Politiken Cup 2011"]
[Site "Helsingor"]
[Date "2011.07.31"]
[Round "2.145"]
[White "Andersen, Claus Nis"]
[Black "Brastein, Ragner"]
[Result "1-0"]
[WhiteElo "1811"]
[BlackElo "1000"]
[PlyCount "81"]
[EventDate "2011.??.??"]
[WhiteTeam "Rokaden"]
[BlackTeam "Sandness"]

1. d4 d5 2. c4 e6 3. Nc3 Nf6 4. cxd5 exd5 5. Bg5 Be7 6. e3 Bf5 7. Qb3 b6 8.
Bxf6 Bxf6 9. Qxd5 Qxd5 10. Nxd5 Bd8 11. Rc1 c6 12. Nb4 Bd7 13. Be2 a5 14. Nd3
Be7 15. Bf3 Ra7 16. Ne2 O-O 17. O-O Rc8 18. Rfd1 Rac7 19. Ne5 c5 20. d5 Bf6 21.
Nc4 Rb7 22. Nd6 Rbc7 23. Nxc8 Rxc8 24. b3 Bf5 25. Ng3 Bg6 26. Ne4 Bxe4 27. Bxe4
Nd7 28. Bf5 Rd8 29. f4 g6 30. Bh3 Bg7 31. Bxd7 Rxd7 32. Kf2 f5 33. Kf3 Bf6 34.
Rc4 Kg7 35. e4 fxe4+ 36. Rxe4 Rd6 37. Re6 Rxe6 38. dxe6 Kf8 39. Rd7 Be7 40. Ke4
Ke8 41. g4 1-0